Quiz sur la planète Terre - Statistiques

Statistiques générales
  • Ce quiz a été pris 130 fois
    68 depuis la dernière actualisation
  • Le résultat moyen est 10 sur 16
Statistiques - réponses
Question Réponse % Correct
Unique satellite naturel de la Terre Lune
98%
Planète la plus proche de la Terre Vénus
96%
Température moyenne à la surface de la Terre {15}°C
84%
Espace naturel dans lequel vivaient les premières formes de vie Océan
84%
Couche de gaz qui entoure la Terre et qui nous permet de respirer Atmosphère
82%
Partie centrale de la structure de la Terre Noyau
80%
Prénom donné au squelette qui est considéré comme "l'humain le plus ancien", vraisemblablement une femelle Lucy
76%
Partie de celle-ci qui nous protège des rayonnements ultraviolets émis par le Soleil Couche d'ozone
75%
Nom de l'élément qui la compose majoritairement Azote
65%
Science qui étudie la Terre Géologie
65%
Nom de l'unique continent qui perdurait à la surface de la Terre, formé il y a 300 millions d'années Pangée
55%
Élément chimique le constituant Fer
51%
Espèce de celle-ci, plus particulièrement Australopithèque
43%
Type d'astres suspectés d'avoir apporté les océans sur Terre Comètes
39%
Diamètre de la Terre, arrondi à 100 km près {12 742} km
29%
Scientifique qui a adhéré pour la première fois à la thèse de la dérive des continents Alfred Wegener
8%
Aucun quiz correspondant
Distribution des résultats
% des personnes avec chaque résultat
Percentile par nombre de réponses
Votre historique - résultats
Vous n’avez pas pris ce quiz depuis la dernière actualisation